| 000 | 01574cam a22002897 4500 | ||
|---|---|---|---|
| 003 | PE-LiUPU | ||
| 005 | 20250731175647.0 | ||
| 008 | 971204s1989 pe | ||| ||spa | ||
| 035 | _a(OCoLC)431238560 | ||
| 040 |
_aSpMaBN _bspa _cPE-LiUPU _erdc _dPE-LiUPU |
||
| 082 |
_223 _a401.41 _bB641c |
||
| 100 | 1 |
_aBlanco López, Desiderio _0XX1187821 _eautor |
|
| 245 | 1 | 0 |
_aClaves semióticas : _bcomunicación/significación / _cDesiderio Blanco |
| 264 |
_aLima : _bUniversidad de Lima, _c1989. |
||
| 300 |
_a404 páginas : _c24 centímetros. |
||
| 490 | 0 | _aColección Contratexto | |
| 505 | _aSignificación -- El proceso de la significación -- Códigos audiovisuales y concepción del mundo Cine e ideología -- Roles actanciales de los trabajadores en el discurso periodístico de izquierda -- Psicoanálisis del texto literario -- El proceso de la enunciación: Desde el nivel profundo al plano de la expresión -- Claves semióticas para una lectura del pensamiento de San Agustín -- Comunicación -- El proceso de la comunicación -- Comunicación y Sociedad -- Ideología de la mediación icónica -- Comunicación y educación -- Comunicación e imaginario popular -- Nuevas tecnologías y lenguajes en comunicación Imagen de Europa en los medios de comunicación del Perú. | ||
| 526 | _aP145 | ||
| 526 | _aP127 | ||
| 526 | _aP97 | ||
| 526 | _aP35 | ||
| 526 | _aP14 | ||
| 526 | _aP07 | ||
| 650 | 7 |
_aSemiótica _2embne |
|
| 942 |
_2ddc _cBK _n0 |
||
| 999 |
_c61781 _d61781 |
||
| 980 |
_618226 _aJaime Vilcazán Jefe de Análisis Documental _81 _gALBERTO SANCHEZ Responsable de Automatización |
||